000 00672nam a2200253 i 4500
001 C2-0284546
003 PPAK
005 20180728014354.0
008 071205s1994 my a|||| ||||| | may d
020 _a9676119040
040 _aPPAK
_beng
_cPPAK
_erda
082 0 4 _a797.21
_223
090 0 0 _a797.21
_bREN
_dK
245 0 0 _aRenang
264 1 _aKuala Lumpur :
_bUtusan Publications ,
_c1994
300 _a51 pages :
_bcolour illustrations ;
_c20 cm
336 _2rdacontent
_atext
337 _2rdamedia
_aunmediated
338 _2rdacarrier
_avolume
490 1 _aSiri kenali sukan
650 1 0 _aSwimming (Game).
830 0 _aSiri kenali sukan
942 _ddc
_cB
999 _c90493
_d90493